=LDR 00000nam 2200000 4500 =001 INLIS000000000020303 =005 20130612115250 =008 ***********************************Ind** =035 ##$$0010-061300000020303 =041 ##$$a Ind =082 ##$$a 915.982 441 =090 ##$$a 915.982 441, Gun g =245 ##$$a Gunung sewu in prehistoric times, editor, Truman Simanjuntak =260 ##$$a 2002 $b Yogyakarta =300 ##$$a xxii, 296 hlm, ilus, 21 cm =650 ##$$a Gunung Sewu-Geografi =850 ##$$a NBPNMAT =990 ##$$a 05870587 =990 ##$$a 20614149